000 00561nam a2200217Ia 4500
008 101110s9999 xx 000 0 und d
041 _aENGLISH
082 _bSR25722
100 _aKhan R.R.
245 _aManagement production planning (TYBCom)
260 _c2004
_bFine Publ.House, Mumbai
300 _a394
365 _b100
520 _aCommerce
546 _aENGLISH
630 _aManagement production planning (TYBCom)
650 _aCommerce
655 _aCommerce
730 _aManagement production planning (TYBCom)
942 _cBOOK
999 _c818331
_d818328